| 000 | 00713nam a2200205 i 4500 | ||
|---|---|---|---|
| 001 | 100236 | ||
| 003 | ES-MaACL | ||
| 005 | 20250331063054.0 | ||
| 007 | t| | ||
| 008 | 050923s1932 sp ||||1| spa d | ||
| 100 | 1 |
_aMarx, Karl, _d1818-1883 _978590 |
|
| 245 | 1 | 3 |
_aEl Capital / _cCarlos Marx; resumido por Gabriel Deville; nueva traducción española precedida de un estudio crítico por Wilfredo Pareto y seguida de un apéndice por Pablo Lafargue. |
| 260 |
_aMadrid : _bFrancisco Beltrán, _c1932. |
||
| 300 |
_a230 p. ; _c22 cm. |
||
| 700 | 1 |
_aDeville, Gabriel. _944008 |
|
| 700 | 1 |
_aPareto, Wilfredo. _989112 |
|
| 700 | 0 |
_aLafargue, Paul. _969469 |
|
| 852 |
_aES-MaACL _jA-4610 |
||
| 999 |
_c100236 _d100236 |
||